|
|
|
|
| LEADER |
01508nam a2200397 a 4500 |
| 001 |
EBC3050488 |
| 003 |
MiAaPQ |
| 005 |
20200520144314.0 |
| 006 |
m o d | |
| 007 |
cr cn||||||||| |
| 008 |
010706s2001 dcua sb i000 0 eng d |
| 010 |
|
|
|z 2001368526
|
| 020 |
|
|
|z 0821349589
|
| 035 |
|
|
|a (MiAaPQ)EBC3050488
|
| 035 |
|
|
|a (Au-PeEL)EBL3050488
|
| 035 |
|
|
|a (CaPaEBR)ebr5007405
|
| 035 |
|
|
|a (CaONFJC)MIL8728
|
| 035 |
|
|
|a (OCoLC)70723478
|
| 040 |
|
|
|a MiAaPQ
|c MiAaPQ
|d MiAaPQ
|
| 050 |
|
4 |
|a HC415.26.Z9
|b P67 2001
|
| 100 |
1 |
|
|a Shaban, Radwan Ali.
|
| 245 |
1 |
0 |
|a Poverty alleviation in Jordan
|h [electronic resource] :
|b lessons for the future /
|c Radwan A. Shaban, Dina Abu-Ghaida, Abdel-Salam Al-Naimat.
|
| 260 |
|
|
|a Washington, DC :
|b World Bank, Middle East and North Africa Region,
|c 2001.
|
| 300 |
|
|
|a xi, 58 p. :
|b ill.
|
| 490 |
1 |
|
|a Orientations in development series
|
| 504 |
|
|
|a Includes bibliographical references (p. 57-58).
|
| 533 |
|
|
|a Electronic reproduction. Ann Arbor, MI : ProQuest, 2015. Available via World Wide Web. Access may be limited to ProQuest affiliated libraries.
|
| 650 |
|
0 |
|a Poverty
|z Jordan.
|
| 651 |
|
0 |
|a Jordan
|x Social policy.
|
| 651 |
|
0 |
|a Jordan
|x Economic policy.
|
| 655 |
|
4 |
|a Electronic books.
|
| 700 |
1 |
|
|a Abu-Ghaida, Dina.
|
| 700 |
1 |
|
|a Al-Naimat, Abdel-Salam.
|
| 710 |
2 |
|
|a ProQuest (Firm)
|
| 830 |
|
0 |
|a Orientations in development.
|
| 856 |
4 |
0 |
|u https://ebookcentral.proquest.com/lib/matrademy/detail.action?docID=3050488
|z Click to View
|